| 000 | 01081nam a2200301 i 4500 | ||
|---|---|---|---|
| 999 |
_c200442089 _d60301 |
||
| 001 | 200442089 | ||
| 003 | TR-AnTOB | ||
| 005 | 20220920172352.0 | ||
| 007 | ta | ||
| 008 | 210712s1968 tu 000 0 tur d | ||
| 035 | _a(TR-AnTOB)200442089 | ||
| 040 |
_aTR-AnTOB _beng _erda _cTR-AnTOB |
||
| 041 | 0 | _atur | |
| 050 |
_aHF5415 _b.P3919 |
||
| 090 |
_aTOBBK HF5415 _b.P3919 |
||
| 245 | 1 | 0 |
_aPazarlama : _bseçilmiş yazılar / _cçevirenler İlhan Cemalcılar [and 3 others] ; editör İ. Cemalcılar. |
| 264 | 1 |
_a[Eskişehir] : _bEskişehir İktisadi ve Ticari İlimler Akademisi Yayınları, _c[1968] |
|
| 300 |
_axii, 186 pages ; _c24 cm |
||
| 336 |
_atext _btxt _2rdacontent |
||
| 337 |
_aunmediated _bn _2rdamedia |
||
| 338 |
_avolume _bnc _2rdacarrier |
||
| 490 | 0 |
_aEskişehir İktisadi ve Ticari İlimler Akademisi ; _vyayın no: 59/28. _aPazarlama Enstitüsü Yayınları ; _v1 |
|
| 650 | 7 |
_aPazarlama _2etuturkob _917377 |
|
| 700 | 1 |
_aCemalcılar, İlhan _etranslator _eeditor _9131500 |
|
| 942 |
_2z _cBK |
||